| 000 | 003610000a22001570004500 | ||
|---|---|---|---|
| 020 | _a0-06-061259-2 | ||
| 041 | 0 | _aENG | |
| 082 | 0 | 4 | _aG 248 B9881v |
| 100 | 1 | _aButt, Howard | |
| 245 | 1 | 0 | _aThe Velvet covered brick / Howard Butt |
| 260 | _aNew York, USA : Harper and Row | ||
| 300 | _a186 Pag | ||
| 650 | 1 | 4 | _aLIDERAZGO CRISTIANO |
| 001 | 5068 | ||
| 942 | _cBK | ||
| 999 |
_c35538 _d35538 |
||